000 01091cam a22003137a 4500
003 CHAP
005 20220329133337.0
008 971013s1986 r 10010 d
010 _a5179
011 _a6151
035 _a5370
040 _cCHAP
082 _a629.1
_bC5
111 0 0 _aCiclo Internacional de Conferencias (
_n2
_d: 1985
_c: Torreón, Coah.)
_923073
245 0 _aAprovechamiento de aguas subterráneas en la agricultura
_b: memorias
260 _aTorreón, Coah. :
_bAsociación de Ingenieros Agrónomos del Tecológico de Monterrey,
_c1986
300 _a148 p.
590 _aBATCH-UPD
_b10
_c20130110
_lUCH01
_h1633
590 _aBATCH-UPD
_b10
_c20130410
_lUCH01
_h1025
590 _aBATCH-UPD
_b10
_c20130914
_lUCH01
_h1850
590 _aCONVERSION
_b10
_c20130109
_lUCH01
_h1304
650 1 4 _aAgua para irrigacion.
_92430
650 1 4 _aAgua subterranea
_xMexico.
_92472
650 1 4 _aAgua
_xAprovechamiento
_xMexico.
_92297
650 1 4 _aRecursos hidráulicos
_xMéxico.
_995116
901 _aBK
942 _cLIBRO
949 _a629.1 C5
_bBC
_cLIBRO
_d-14944
_eLIBRO
_h81352
_i5370
_si
999 _c5179
_d5179